000 00676nam a22002177a 4500
003 AR-RoUNCS
005 20251128141800.0
008 251128t2011 sp ao|||r|||| 00| 0 spa d
020 _a978-987-522-965-5
040 _aAR-RoUNCS
_cAR-RoUNCS
080 _07:069
245 0 0 _aMuseo del Louvre :
_bParís ;
_pParte 1.
250 _a1a ed.
260 _aBuenos Aires :
_bVisor,
_c2011.
300 _a96 p. :
_bfot. col ;
_c25 cm
_e1 DVD (4 3/4 plg.)
490 0 _aGrandes Museos de Europa ;
_v1
650 7 _2embne
_aMuseo Louvre (París)
_xHistoria
_xCatálogos exposiciones
650 7 _2embne
_aMuseos de arte
655 7 _2embne
_aCatálogos de exposiciones
942 _2udc
_cOG
_n0
999 _c792
_d792